Paroles : "Comme d'habitude" de Claude François - Statistiques

Statistiques générales
  • Ce quiz a été pris 171 fois
  • Le résultat moyen est 11 sur 15
Statistiques - réponses
Paroles % Correct
comme d'habitude
96%
comme d'habitude
96%
comme d'habitude
96%
comme d'habitude
96%
Je me lève
91%
et je te bouscule
86%
tu ne te réveilles pas
84%
je remonte le drap
62%
j'ai peur que tu aies froid
59%
Sur toi
59%
Ma main
58%
caresse tes cheveux
54%
presque malgré moi
51%
Mais toi
33%
tu me tournes le dos
32%
Aucun quiz correspondant
Distribution des résultats
% des personnes avec chaque résultat
Percentile par nombre de réponses
Votre historique - résultats
Vous n’avez pas pris ce quiz